| 000 | 00844cam a22002775a 4500 | ||
|---|---|---|---|
| 001 | 014820971 | ||
| 003 | OSt | ||
| 005 | 20160403121349.0 | ||
| 008 | 081030s2009 stk fr 001 0 eng d | ||
| 020 | _a9780007269211 (pbk.) | ||
| 020 | _a0007269218 (pbk.) | ||
| 040 |
_aStDuBDS _beng _cStDuBDS _dUk _dEG-ScBUE |
||
| 082 | 0 | 4 |
_a428.2 _222 _bCOL |
| 245 | 0 | 0 |
_aCollins easy learning grammar & punctuation / _c[editor Penny Hands] |
| 246 | 3 | 0 | _aEasy learning grammar and punctuation |
| 250 | _a1st ed. | ||
| 260 |
_aGlasgow : _bHarperCollins Publishers, _c2009. |
||
| 300 |
_a319 p. ; _c20 cm. |
||
| 500 | _aIndex : p. 315-319. | ||
| 650 | 7 |
_aEnglish language _xGrammar. _2BUEsh _95501 |
|
| 650 | 0 |
_aEnglish language _xPunctuation. _2BUEsh |
|
| 651 | _2BUEsh | ||
| 653 |
_bEEENG _cApril2016 |
||
| 700 | 1 |
_aHands, Penny, _eeditor. |
|
| 942 | _2ddc | ||
| 999 |
_c21553 _d21525 |
||